[Event "13. Lipperland-Open"]
[Site "Doerentrup"]
[Date "2014.05.30"]
[Round "1.1"]
[White "Joege, Friedhelm"]
[Black "Heissenbuettel, Hans-Erich"]
[Result "1/2-1/2"]
[WhiteElo "2135"]
[BlackElo "1971"]
[Annotator "chessorg"]
[PlyCount "112"]
[EventDate "2014.??.??"]
[WhiteTeam "Bad Pyrmont"]
[BlackTeam "Bremer SG"]

1. d4 e6 2. c4 f5 3. g3 d5 4. Bg2 c6 5. Nf3 Bd6 6. c5 Bc7 7. Bf4 Nf6 8. Bxc7
Qxc7 9. Nc3 Nbd7 10. Qc2 O-O 11. O-O Ne4 12. Nxe4 fxe4 13. Nh4 Nf6 14. f3 h6
15. Ng6 exf3 16. Rxf3 e5 17. e3 e4 18. Rff1 Bd7 19. Nf4 Kh7 20. b4 g5 21. Ne2
Ng4 22. Qd2 a6 23. h3 Nf6 24. Rf2 Nh5 25. Raf1 Kg7 26. Rxf8 Rxf8 27. Rxf8 Kxf8
28. Qe1 Kg7 29. Qf2 Be6 30. g4 Nf6 31. Ng3 Qd7 32. Qf1 Kg6 33. Qe2 Qc7 34. Kf2
Qf7 35. Ke1 Qc7 36. Qf2 Qd7 37. Bf1 Ne8 38. a4 Qf7 39. Qxf7+ Kxf7 40. b5 axb5
41. axb5 Bd7 42. b6 Ng7 43. Kf2 Kg6 44. Be2 Bc8 45. Kg2 Kf6 46. Nf1 Kg6 47. Nd2
h5 48. Kg3 h4+ 49. Kg2 Ne6 50. Nb3 Nd8 51. Na5 Kf6 52. Bd1 Ke7 53. Ba4 Bd7 54.
Bd1 Bc8 55. Kf2 Be6 56. Be2 Kd7 1/2-1/2

[Event "13. Lipperland-Open"]
[Site "Doerentrup"]
[Date "2014.05.30"]
[Round "1.2"]
[White "Wittkugel, Friedhelm"]
[Black "Kaiser, Gerhard"]
[Result "0-1"]
[WhiteElo "1931"]
[BlackElo "2083"]
[Annotator "chessorg"]
[PlyCount "100"]
[EventDate "2014.??.??"]
[WhiteTeam "Schachverein Kamen 1930"]
[BlackTeam "Hamelner SV"]

1. d4 Nf6 2. c4 c5 3. e3 e6 4. a3 cxd4 5. exd4 d5 6. Nc3 Be7 7. Nf3 O-O 8. Bd3
dxc4 9. Bxc4 Nbd7 10. O-O Nb6 11. Ba2 Nbd5 12. Re1 b6 13. Nxd5 Nxd5 14. Qd3 Bb7
15. Bd2 Rc8 16. Rac1 Rxc1 17. Rxc1 Nf6 18. Ne5 Bd5 19. Bxd5 Nxd5 20. Nc6 Qd7
21. Ne5 Qb7 22. Qc4 Bd6 23. Nf3 Rd8 24. Bg5 Rd7 25. Qc8+ Qxc8 26. Rxc8+ Bf8 27.
Kf1 f6 28. Bd2 Rc7 29. Rxc7 Nxc7 30. Ke2 b5 31. Ne1 Kf7 32. Nd3 Bd6 33. f4 Nd5
34. g3 Ke7 35. Kf3 h5 36. h4 Kd7 37. Be1 Kc6 38. Ba5 Ne7 39. Ke4 g6 40. Be1 Nf5
41. b4 Be7 42. Nc5 Nd6+ 43. Kd3 Kd5 44. Bd2 Nc4 45. Bc1 Bd8 46. Ne4 a5 47. bxa5
Nxa5 48. Nc3+ Kc6 49. Ke4 Nc4 50. d5+ exd5+ 0-1

[Event "13. Lipperland-Open"]
[Site "Doerentrup"]
[Date "2014.05.30"]
[Round "1.7"]
[White "Opitz, Christian"]
[Black "Hoffmann, Erich"]
[Result "1-0"]
[WhiteElo "2029"]
[BlackElo "1898"]
[Annotator "chessorg"]
[PlyCount "61"]
[EventDate "2014.??.??"]
[WhiteTeam "Sk Radolfzell"]
[BlackTeam "SC Xanten"]

1. e4 Nf6 2. Nc3 d5 3. exd5 Nxd5 4. Bc4 Nb6 5. Bb3 c5 6. d3 e6 7. Nf3 Nc6 8.
Bf4 Bd6 9. Qd2 O-O 10. O-O Na5 11. Bxd6 Nxb3 12. axb3 Qxd6 13. Ne4 Qe7 14. Qc3
Nd7 15. Ra4 b5 16. Ra5 a6 17. Ne5 b4 18. Nc6 bxc3 19. Nxe7+ Kh8 20. Nxc8 Rfxc8
21. bxc3 Kg8 22. Nd6 Rc6 23. Nc4 e5 24. Rfa1 f5 25. f3 Re6 26. Kf2 Kf7 27. b4
cxb4 28. cxb4 e4 29. Rxf5+ Ke7 30. fxe4 g6 31. Rfa5 1-0

[Event "13. Lipperland-Open"]
[Site "Doerentrup"]
[Date "2014.05.30"]
[Round "1.13"]
[White "Gerhards, Walter"]
[Black "Aufmwasser, Guenter"]
[Result "1-0"]
[WhiteElo "1898"]
[BlackElo "1717"]
[Annotator "chessorg"]
[PlyCount "59"]
[EventDate "2014.??.??"]
[WhiteTeam "Ratinger SK"]
[BlackTeam "Schachverein 1922 Hilden"]

1. e4 d6 2. d4 g6 3. Nf3 Bg7 4. Nc3 Nf6 5. Be2 O-O 6. O-O Nc6 7. d5 Nb8 8. Bg5
Nbd7 9. Qd2 Kh8 10. Nd4 Ng8 11. f4 c6 12. Kh1 c5 13. Nf3 Bh6 14. Rae1 f6 15.
Bxh6 Nxh6 16. e5 f5 17. Bd1 a6 18. Ng5 Nb6 19. e6 Nc4 20. Qc1 b5 21. Rf3 b4 22.
Na4 Bb7 23. Rh3 Kg7 24. b3 Na3 25. Qe3 Bxd5 26. Rxh6 Kxh6 27. Qh3+ Kg7 28.
Qxh7+ Kf6 29. Nf7 Rxf7 30. Qxf7# 1-0

[Event "13. Lipperland-Open"]
[Site "Doerentrup"]
[Date "2014.05.31"]
[Round "2.4"]
[White "Soelter, Reinhold"]
[Black "Gerhards, Walter"]
[Result "0-1"]
[WhiteElo "2051"]
[BlackElo "1898"]
[Annotator "chessorg"]
[PlyCount "52"]
[EventDate "2014.??.??"]
[WhiteTeam "SF Lieme"]
[BlackTeam "Ratinger SK"]

1. e4 e5 2. f4 d5 3. exd5 exf4 4. Nf3 Qxd5 5. Nc3 Qd6 6. Be2 Nf6 7. d4 Bd7 8.
O-O Be7 9. Ne5 g5 10. Nc4 Qe6 11. d5 Qf5 12. Bd3 Qg4 13. Qe1 Kf8 14. Ne5 Qh5
15. Nf3 Bd6 16. Ne4 Nxe4 17. Bxe4 Bb5 18. Bd3 Bxd3 19. cxd3 Nd7 20. Qc3 Rg8 21.
Bd2 g4 22. Ne1 f3 23. g3 Re8 24. Nc2 Re2 25. h4 Rg2+ 26. Kh1 Bxg3 0-1

[Event "13. Lipperland-Open"]
[Site "Doerentrup"]
[Date "2014.05.31"]
[Round "2.6"]
[White "Heissenbuettel, Hans-Erich"]
[Black "Oud, Niek"]
[Result "0-1"]
[WhiteElo "1971"]
[BlackElo "1980"]
[Annotator "chessorg"]
[PlyCount "74"]
[EventDate "2014.??.??"]
[WhiteTeam "Bremer SG"]
[BlackTeam "VAS"]

1. c4 Nf6 2. Nc3 e6 3. d4 d5 4. e3 Be7 5. a3 a5 6. Bd2 O-O 7. Rc1 c6 8. Bd3
Nbd7 9. Nf3 Re8 10. O-O dxc4 11. Bxc4 c5 12. d5 exd5 13. Nxd5 Nxd5 14. Bxd5 Nf6
15. Bc4 Qb6 16. Ng5 Rf8 17. Qc2 h6 18. Ne4 Nxe4 19. Qxe4 Bf6 20. b3 Bd7 21. Bc3
Bxc3 22. Rxc3 Qf6 23. Rcc1 Bc6 24. Qd3 Rfd8 25. Qe2 Rd6 26. a4 Rad8 27. Rfd1
Qg5 28. e4 Bxe4 29. f3 Bc6 30. Qf1 Qe3+ 31. Kh1 Rd2 32. Re1 Qg5 33. Be2 Rb2 34.
f4 Qf5 35. Red1 Rdd2 36. Bf3 Rf2 37. Rd8+ Kh7 0-1

[Event "13. Lipperland-Open"]
[Site "Doerentrup"]
[Date "2014.05.31"]
[Round "2.8"]
[White "Zwanepol, Johan"]
[Black "Kumeth, Hartmut"]
[Result "1/2-1/2"]
[WhiteElo "1923"]
[BlackElo "1801"]
[Annotator "chessorg"]
[PlyCount "78"]
[EventDate "2014.??.??"]
[WhiteTeam "Peize"]
[BlackTeam "SK Union Oldenburg"]

1. e4 a6 2. c4 c5 3. Nc3 Nc6 4. Nf3 e6 5. Be2 g6 6. b3 Bg7 7. Bb2 Nge7 8. Qc1
O-O 9. Na4 d6 10. Bxg7 Kxg7 11. Qb2+ e5 12. Nc3 f5 13. d3 Nd4 14. O-O fxe4 15.
dxe4 Nxe2+ 16. Nxe2 Nc6 17. Ne1 Qe7 18. Rd1 Nd4 19. Rd3 Bg4 20. f3 Bd7 21. Qd2
b5 22. Nc3 Bc6 23. Nd5 Bxd5 24. cxd5 b4 25. Nc2 Nxc2 26. Qxc2 Rf6 27. Rd2 h6
28. Ra1 Qb7 29. Rf2 Rc8 30. Rc1 g5 31. Qd3 Rcf8 32. h3 Qa7 33. Qe3 Kg6 34. Rc4
a5 35. Rf1 Qf7 36. Rc2 Qd7 37. Qd3 Qb7 38. Ra1 Qb6 39. Qe3 h5 1/2-1/2

[Event "13. Lipperland-Open"]
[Site "Doerentrup"]
[Date "2014.05.31"]
[Round "2.12"]
[White "Grasmeyer, Klaus-Peter"]
[Black "Wittkugel, Friedhelm"]
[Result "0-1"]
[WhiteElo "1795"]
[BlackElo "1931"]
[Annotator "chessorg"]
[PlyCount "72"]
[EventDate "2014.??.??"]
[WhiteTeam "SC Villingen"]
[BlackTeam "Schachverein Kamen 1930"]

1. d4 Nf6 2. c4 c5 3. d5 d6 4. Nf3 g6 5. Nc3 Bg7 6. e4 b5 7. cxb5 a6 8. Be2 O-O
9. O-O axb5 10. Bxb5 Ba6 11. Re1 Bxb5 12. Nxb5 Qb6 13. Nc3 Nbd7 14. Rb1 Ng4 15.
Na4 Qb5 16. Nxc5 Qxc5 17. Be3 Nxe3 18. Rxe3 Rxa2 19. b4 Qa7 20. Qe1 Ne5 21.
Nxe5 Bxe5 22. Re2 Rb8 23. Rxa2 Qxa2 24. b5 Bd4 25. Kf1 Bxf2 26. Ra1 Bxe1 27.
Rxa2 Bb4 28. Ra7 Kf8 29. Rc7 Rxb5 30. Rc8+ Kg7 31. Rc7 Kf6 32. Ke2 Bc5 33. Kf3
h5 34. h3 Rb3+ 35. Kf4 Be3+ 36. Kg3 Bb6+ 0-1

[Event "13. Lipperland-Open"]
[Site "Doerentrup"]
[Date "2014.06.01"]
[Round "3.1"]
[White "Gerhards, Walter"]
[Black "Kaiser, Gerhard"]
[Result "0-1"]
[WhiteElo "1898"]
[BlackElo "2083"]
[Annotator "chessorg"]
[PlyCount "56"]
[EventDate "2014.??.??"]
[WhiteTeam "Ratinger Schachklub 1950"]
[BlackTeam "Hamelner SV"]

1. e4 d5 2. exd5 Qxd5 3. Nc3 Qd6 4. Be2 Nf6 5. d4 a6 6. Be3 Bf5 7. Bf3 Nc6 8.
Nge2 O-O-O 9. O-O e5 10. Ng3 Bg6 11. d5 Nb4 12. Bg5 Nxc2 13. Nge4 Nxe4 14. Bxe4
Nxa1 15. Bxg6 hxg6 16. Bxd8 Qxd8 17. Qxa1 Qh4 18. h3 Bd6 19. Qe1 f5 20. a3 g5
21. Qe3 g4 22. b4 gxh3 23. g3 h2+ 24. Kh1 Qg4 25. b5 Bc5 26. f3 Qc4 27. Qc1 Qd4
28. Ne2 Qg1+ 0-1

[Event "13. Lipperland-Open"]
[Site "Doerentrup"]
[Date "2014.06.01"]
[Round "3.5"]
[White "Opitz, Christian"]
[Black "Adam, Detlef"]
[Result "0-1"]
[WhiteElo "2029"]
[BlackElo "2077"]
[Annotator "chessorg"]
[PlyCount "56"]
[EventDate "2014.??.??"]
[WhiteTeam "SK Radolfzell"]
[BlackTeam "Schachklub Minden 08"]

1. e4 d5 2. exd5 Nf6 3. d4 Nxd5 4. Bc4 Nc6 5. c3 Nb6 6. Be2 Bf5 7. Nf3 e6 8.
O-O Be7 9. Re1 O-O 10. Bf4 Bf6 11. Nbd2 Re8 12. Nc4 Nxc4 13. Bxc4 Bg4 14. h3
Bh5 15. g4 Bg6 16. Ne5 Bxe5 17. Bxe5 Nxe5 18. Rxe5 Qh4 19. Qf3 c6 20. Rae1 Rad8
21. Kg2 Qe7 22. Qg3 b5 23. Bb3 a5 24. f4 a4 25. f5 axb3 26. axb3 f6 27. fxg6
fxe5 28. gxh7+ Kxh7 0-1

[Event "13. Lipperland-Open"]
[Site "Doerentrup"]
[Date "2014.06.01"]
[Round "3.9"]
[White "Wittkugel, Friedhelm"]
[Black "Schulz, Hermann"]
[Result "1/2-1/2"]
[WhiteElo "1931"]
[BlackElo "1707"]
[Annotator "chessorg"]
[PlyCount "59"]
[EventDate "2014.??.??"]
[WhiteTeam "Schachverein Kamen 1930"]
[BlackTeam "Post SV Uelzen"]

1. d4 Nf6 2. c4 e6 3. Nf3 d5 4. e3 Bd6 5. Nc3 b6 6. a3 O-O 7. Qc2 Bb7 8. cxd5
exd5 9. b4 Nbd7 10. Bd3 h6 11. O-O a6 12. e4 dxe4 13. Nxe4 Nxe4 14. Bxe4 Bxe4
15. Qxe4 Re8 16. Qd3 Nf6 17. h3 a5 18. b5 Qd7 19. Bb2 Rad8 20. Rfe1 Rxe1+ 21.
Rxe1 Re8 22. Rxe8+ Qxe8 23. Kf1 Qe4 24. Qxe4 Nxe4 25. Ke2 Kf8 26. Ke3 Nf6 27.
g3 Ke7 28. Ne5 Ke6 29. f4 Nd5+ 30. Kd3 1/2-1/2

[Event "13. Lipperland-Open"]
[Site "Doerentrup"]
[Date "2014.06.01"]
[Round "3.13"]
[White "Papenkordt, Karl-Hermann"]
[Black "Heissenbuettel, Hans-Erich"]
[Result "1/2-1/2"]
[WhiteElo "1860"]
[BlackElo "1971"]
[Annotator "chessorg"]
[PlyCount "38"]
[EventDate "2014.??.??"]
[WhiteTeam "Schachgesellschaft Witten"]
[BlackTeam "Bremer SG von 1877"]

1. c4 e5 2. Nc3 g6 3. Nf3 Bg7 4. e4 Nc6 5. d3 d6 6. Be2 Nge7 7. O-O O-O 8. Bd2
f5 9. exf5 Nxf5 10. Rc1 Ncd4 11. Nxd4 Nxd4 12. Bg4 Ne6 13. b4 c6 14. Ne2 Nf4
15. Nxf4 exf4 16. Bxc8 Rxc8 17. Qf3 Bd4 18. Bc3 Qf6 19. Bxd4 Qxd4 1/2-1/2

[Event "13. Lipperland-Open"]
[Site "Doerentrup"]
[Date "2014.06.05"]
[Round "4.1"]
[White "Kaiser, Gerhard"]
[Black "Oud, Niek"]
[Result "1-0"]
[WhiteElo "2083"]
[BlackElo "1980"]
[Annotator "chessorg"]
[PlyCount "59"]
[EventDate "2014.??.??"]
[WhiteTeam "Hamelner SV"]
[BlackTeam "VAS"]

1. e4 c5 2. Nf3 d6 3. d4 cxd4 4. Nxd4 Nf6 5. Nc3 a6 6. h3 e5 7. Nde2 Be7 8. g4
h6 9. Ng3 g6 10. Be3 Nc6 11. Qd2 g5 12. Be2 Qa5 13. Rd1 Be6 14. Nf5 O-O-O 15.
Kf1 Kb8 16. Bf3 Rd7 17. Kg2 Bd8 18. a3 Bb6 19. Nd5 Qxd2 20. Rxd2 Bxe3 21. fxe3
Ne8 22. Rhd1 Bxd5 23. Rxd5 Kc7 24. Be2 Nf6 25. Rxd6 Rxd6 26. Nxd6 Nd4 27. Nxf7
Rf8 28. Nxg5 hxg5 29. exd4 Nxe4 30. Bf3 1-0

[Event "13. Lipperland-Open"]
[Site "Doerentrup"]
[Date "2014.06.05"]
[Round "4.3"]
[White "Adam, Detlef"]
[Black "Gerhards, Walter"]
[Result "1-0"]
[WhiteElo "2077"]
[BlackElo "1898"]
[Annotator "chessorg"]
[PlyCount "65"]
[EventDate "2014.??.??"]
[WhiteTeam "Schachklub Minden 08"]
[BlackTeam "Ratinger Schachklub 1950"]

1. e4 e5 2. Bc4 Nc6 3. Nf3 d6 4. d4 Bg4 5. c3 Nf6 6. Bb5 a6 7. Bxc6+ bxc6 8.
Qa4 Qd7 9. dxe5 Bxf3 10. gxf3 dxe5 11. Be3 Bd6 12. Nd2 O-O 13. O-O-O Rfb8 14.
Nc4 Rb5 15. Rd2 Qe6 16. Rhd1 Ne8 17. Na5 c5 18. Nc4 f6 19. Na3 Rb7 20. Qc4 Kf7
21. Qxe6+ Kxe6 22. Nc4 Rab8 23. b3 g6 24. Rd5 Rb5 25. Kc2 f5 26. Bc1 a5 27. Ba3
fxe4 28. fxe4 Nf6 29. Nxd6 Nxd5 30. Nxb5 Nb4+ 31. cxb4 cxb4 32. Nxc7+ Kf7 33.
Bb2 1-0

[Event "13. Lipperland-Open"]
[Site "Doerentrup"]
[Date "2014.06.05"]
[Round "4.4"]
[White "Kotlar, Alfred"]
[Black "Hoffmann, Erich"]
[Result "1-0"]
[WhiteElo "2085"]
[BlackElo "1898"]
[Annotator "chessorg"]
[PlyCount "79"]
[EventDate "2014.??.??"]
[WhiteTeam "Schachclub Recklinghausen Altsta"]
[BlackTeam "Schachklub Xanten e.V."]

1. d4 Nf6 2. Nf3 g6 3. Bf4 Nh5 4. Bg5 f6 5. Bd2 d5 6. Qc1 Be6 7. h3 Nd7 8. a4
Nb6 9. Na3 Nxa4 10. Nb5 Nb6 11. g4 Bd7 12. Nxc7+ Qxc7 13. gxh5 g5 14. Bb4 e6
15. Bxf8 Rxf8 16. e3 Nc4 17. Bd3 Bb5 18. c3 Nd6 19. Bxb5+ Nxb5 20. Qd1 a6 21.
Nd2 h6 22. h4 O-O-O 23. Ra4 Nd6 24. Qb3 Kd7 25. Rb4 b5 26. Qc2 f5 27. hxg5 hxg5
28. Nf3 Nf7 29. Qe2 Rh8 30. Nd2 g4 31. Nb3 Ke7 32. Nc5 Qc6 33. f4 Rdg8 34. Qh2
g3 35. Qh4+ Ke8 36. Rg1 Rg4 37. Qh3 Rhg8 38. Rg2 a5 39. Rb3 Qb6 40. Ra3 1-0

[Event "13. Lipperland-Open"]
[Site "Doerentrup"]
[Date "2014.06.05"]
[Round "4.7"]
[White "Sölter, Reinhold"]
[Black "Perk, Egbert"]
[Result "0-1"]
[WhiteElo "2051"]
[BlackElo "1933"]
[Annotator "chessorg"]
[PlyCount "44"]
[EventDate "2014.??.??"]
[WhiteTeam "SF Lieme"]
[BlackTeam "SK Lister Turm"]

1. e4 d6 2. d4 Nf6 3. Nc3 g6 4. f4 Bg7 5. Nf3 c6 6. Be2 Qc7 7. O-O O-O 8. e5
Ne8 9. Ne4 d5 10. Nf2 h6 11. g4 c5 12. Kh1 cxd4 13. Nxd4 Nc6 14. Nb5 Qd8 15.
Bf3 a6 16. Nd4 Nc7 17. Nxc6 bxc6 18. Nd3 a5 19. a4 Na6 20. Be3 Rb8 21. b3 d4
22. Qd2 dxe3 0-1

[Event "13. Lipperland-Open"]
[Site "Doerentrup"]
[Date "2014.06.05"]
[Round "5.1"]
[White "Kaiser, Gerhard"]
[Black "Kotlar, Alfred"]
[Result "1-0"]
[WhiteElo "2083"]
[BlackElo "2085"]
[Annotator "chessorg"]
[PlyCount "45"]
[EventDate "2014.??.??"]
[WhiteTeam "Hamelner SV"]
[BlackTeam "Schachclub Recklinghausen Altsta"]

1. e4 d5 2. exd5 Qxd5 3. Nc3 Qd6 4. d4 c6 5. Ne4 Qc7 6. Bd3 Nd7 7. Ne2 e5 8.
dxe5 Nxe5 9. Bf4 f5 10. N4g3 Nxd3+ 11. Qxd3 Qa5+ 12. c3 Nf6 13. O-O Bd7 14.
Qe3+ Kf7 15. b4 Qb6 16. Qd3 Re8 17. Nd4 g6 18. Rfe1 Bg7 19. Nf3 Rxe1+ 20. Rxe1
Rd8 21. Qd6 Bf8 22. Ne5+ Kg7 23. Bh6+ 1-0

[Event "13. Lipperland-Open"]
[Site "Doerentrup"]
[Date "2014.06.05"]
[Round "5.2"]
[White "Bachmann, Rolf"]
[Black "Adam, Detlef"]
[Result "0-1"]
[WhiteElo "2032"]
[BlackElo "2077"]
[Annotator "chessorg"]
[PlyCount "50"]
[EventDate "2014.??.??"]
[WhiteTeam "Schachvereinigung Hamm"]
[BlackTeam "Schachklub Minden 08"]

1. d4 Nf6 2. c4 c5 3. d5 d6 4. Nc3 g6 5. e4 Bg7 6. Bd3 O-O 7. Nge2 e6 8. O-O
exd5 9. exd5 Nfd7 10. h3 Ne5 11. Bf4 Nbd7 12. Nc1 Nb6 13. Qb3 Nxd3 14. Nxd3 Bf5
15. Rad1 Re8 16. g4 Bxd3 17. Rxd3 Qd7 18. Nb5 Re4 19. Bxd6 a6 20. Bxc5 axb5 21.
Qxb5 Qxb5 22. cxb5 Nd7 23. Ba3 Rc8 24. b3 Rc2 25. Bd6 Be5 0-1

[Event "13. Lipperland-Open"]
[Site "Doerentrup"]
[Date "2014.06.05"]
[Round "5.5"]
[White "Kumeth, Hartmut"]
[Black "Schröter, Hans-Christoph"]
[Result "1-0"]
[WhiteElo "1801"]
[BlackElo "2074"]
[Annotator "chessorg"]
[PlyCount "79"]
[EventDate "2014.??.??"]
[WhiteTeam "SK Union Oldenburg"]
[BlackTeam "SK Minden"]

1. a3 c5 2. e4 Nc6 3. Nc3 Nf6 4. Bb5 Nd4 5. d3 Nxb5 6. Nxb5 d6 7. Ne2 g6 8. h3
Bg7 9. Nbc3 O-O 10. Be3 b5 11. Qc1 Qa5 12. O-O b4 13. axb4 Qxb4 14. Ra4 Qb7 15.
b3 Bd7 16. Ra5 Bc6 17. f3 Nd7 18. Qa3 Nb6 19. Ra1 Nc8 20. Rb1 Rb8 21. Na2 Qc7
22. c4 Rb7 23. Nec3 Qb8 24. Ra6 Qc7 25. b4 cxb4 26. Rxb4 Rd8 27. Rxb7 Bxb7 28.
Nb5 Qd7 29. Ra5 a6 30. Nbc3 Qc7 31. Ra4 Nb6 32. Rb4 Nd7 33. Na4 Bc6 34. N4c3
Nc5 35. Nd5 Bxd5 36. exd5 Rb8 37. d4 Nd7 38. Qb3 Rxb4 39. Nxb4 Qb6 40. c5 1-0

[Event "13. Lipperland-Open"]
[Site "Doerentrup"]
[Date "2014.06.05"]
[Round "5.7"]
[White "Weber, Gerhard"]
[Black "Opitz, Christian"]
[Result "0-1"]
[WhiteElo "1856"]
[BlackElo "2029"]
[Annotator "chessorg"]
[PlyCount "42"]
[EventDate "2014.??.??"]
[WhiteTeam "Schachclub Bayer Leverkusen e.V."]
[BlackTeam "SK Radolfzell"]

1. e4 e5 2. Nf3 Nc6 3. Bc4 Bc5 4. c3 Nf6 5. Qe2 d6 6. h3 O-O 7. d3 Ne7 8. Be3
Bb6 9. Nbd2 Ng6 10. d4 exd4 11. Nxd4 Re8 12. Bd3 d5 13. exd5 Bxd4 14. cxd4 Qxd5
15. Bxg6 hxg6 16. Qc4 Qxg2 17. O-O-O Bf5 18. Rdg1 Qd5 19. Qxd5 Nxd5 20. Nc4 f6
21. Kd2 Kf7 0-1

[Event "13. Lipperland-Open"]
[Site "Doerentrup"]
[Date "2014.06.05"]
[Round "5.14"]
[White "Grasmeyer, Klaus-Peter"]
[Black "Papenkordt, Karl-Hermann"]
[Result "1-0"]
[WhiteElo "1795"]
[BlackElo "1860"]
[Annotator "chessorg"]
[PlyCount "89"]
[EventDate "2014.??.??"]
[WhiteTeam "SC Villingen"]
[BlackTeam "Schachgesellschaft Witten"]

1. d4 Nf6 2. Nf3 g6 3. c4 Bg7 4. Nc3 O-O 5. e3 d6 6. Bd3 Nbd7 7. O-O e5 8. dxe5
Nxe5 9. Nxe5 dxe5 10. Qc2 c6 11. Rb1 Be6 12. b3 Qc7 13. Bb2 Nd7 14. e4 Nc5 15.
Rbd1 Na6 16. a3 Nc5 17. Be2 a5 18. b4 axb4 19. axb4 Na6 20. Ba3 Rfb8 21. Qb2 f5
22. b5 cxb5 23. Bd6 Qf7 24. Bxb8 Rxb8 25. cxb5 Nc5 26. exf5 gxf5 27. Ra1 e4 28.
Qa3 b6 29. Rad1 Bb3 30. Rc1 Rd8 31. Nb1 Bd4 32. Qb4 f4 33. Bd1 Bb2 34. Bxb3
Nxb3 35. Rcd1 Bd4 36. Kh1 Kg7 37. Nd2 Nc5 38. Nxe4 Ne6 39. f3 Rd5 40. Rc1 Qh5
41. Qe7+ Kh8 42. Rc8+ Nd8 43. Rxd8+ Rxd8 44. Qxd8+ Kg7 45. Qxd4+ 1-0

[Event "13. Lipperland-Open"]
[Site "Doerentrup"]
[Date "2014.06.05"]
[Round "6.2"]
[White "Joege, Friedhelm"]
[Black "Kumeth, Hartmut"]
[Result "1-0"]
[WhiteElo "2135"]
[BlackElo "1801"]
[Annotator "chessorg"]
[PlyCount "93"]
[EventDate "2014.??.??"]
[WhiteTeam "Bad Pyrmont"]
[BlackTeam "SK Union Oldenburg"]

1. d4 c6 2. c4 Nf6 3. Nc3 d5 4. Nf3 Bf5 5. Qb3 Qb6 6. Qxb6 axb6 7. cxd5 Nxd5 8.
Nxd5 cxd5 9. e3 Bd7 10. Ne5 Bc6 11. Bd2 f6 12. Nxc6 bxc6 13. a3 e6 14. Rc1 Bd6
15. Be2 Ke7 16. O-O Rc8 17. Rc2 Ra7 18. Rfc1 Rac7 19. Bd3 f5 20. f3 c5 21. dxc5
bxc5 22. Ba5 Rb7 23. Bc3 g6 24. f4 c4 25. Be2 Rb3 26. Kf2 Nd7 27. Bd4 Bc5 28.
Rc3 Rcb8 29. Rxb3 Rxb3 30. Bc3 Nb8 31. Bd1 Rb7 32. g4 fxg4 33. Bxg4 Nd7 34. Bf3
Ba7 35. Bb4+ Bc5 36. Rxc4 Bxb4 37. Rxb4 Rxb4 38. axb4 Nb6 39. b3 Kf6 40. e4 g5
41. fxg5+ Kxg5 42. exd5 exd5 43. Ke3 Kf5 44. Kd4 Ke6 45. Kc5 Nd7+ 46. Kb5 d4
47. Bg4+ 1-0

[Event "13. Lipperland-Open"]
[Site "Doerentrup"]
[Date "2014.06.05"]
[Round "6.3"]
[White "Rodemann, Edmund"]
[Black "Oud, Niek"]
[Result "1-0"]
[WhiteElo "2021"]
[BlackElo "1980"]
[Annotator "chessorg"]
[PlyCount "77"]
[EventDate "2014.??.??"]
[WhiteTeam "Schachfreunde Schwerte 1951"]
[BlackTeam "VAS"]

1. e4 c5 2. c3 d5 3. exd5 Qxd5 4. d4 Nc6 5. Nf3 Nf6 6. Na3 Bg4 7. Be2 e6 8. O-O
cxd4 9. Nb5 O-O-O 10. Nbxd4 Bc5 11. Be3 Bb6 12. h3 Bh5 13. Nxc6 Qxc6 14. Qc1
Qc7 15. Bxb6 Qxb6 16. b3 Rd6 17. c4 Qc5 18. a3 Rhd8 19. b4 Qc7 20. c5 Rd5 21.
Qc4 e5 22. g4 Bg6 23. Rfd1 e4 24. Nh4 e3 25. Nxg6 exf2+ 26. Kg2 hxg6 27. Rxd5
Nxd5 28. Qe4 Nc3 29. Qf3 Qe5 30. Bf1 Rd2 31. Rc1 Nd5 32. c6 b6 33. c7 Ne3+ 34.
Qxe3 Qxe3 35. Ba6+ Kd7 36. c8=Q+ Ke7 37. Qb7+ Rd7 38. Rc7 Rxc7 39. Qxc7+ 1-0

[Event "13. Lipperland-Open"]
[Site "Doerentrup"]
[Date "2014.06.05"]
[Round "6.7"]
[White "Heissenbuettel, Hans-Erich"]
[Black "Gerhards, Walter"]
[Result "1/2-1/2"]
[WhiteElo "1971"]
[BlackElo "1898"]
[Annotator "chessorg"]
[PlyCount "101"]
[EventDate "2014.??.??"]
[WhiteTeam "Bremer SG von 1877"]
[BlackTeam "Ratinger Schachklub 1950"]

1. c4 e6 2. Nc3 d5 3. d4 Nf6 4. e3 Nbd7 5. Nf3 a6 6. a3 Bd6 7. b4 O-O 8. Bb2 c6
9. Bd3 dxc4 10. Bxc4 Nb6 11. Bd3 Qc7 12. Qc2 h6 13. e4 Be7 14. Rc1 Bd7 15. O-O
Rfd8 16. Ne2 Rac8 17. h3 Qb8 18. Rfd1 Be8 19. Qb3 Nh7 20. Ne5 Bf6 21. f4 Bxe5
22. fxe5 Qc7 23. Rf1 Qe7 24. Rf2 Nd7 25. Rcf1 Ndf8 26. Bc1 Ng6 27. Kh2 Rd7 28.
Be3 Rcd8 29. Bb1 Ng5 30. Qc3 b6 31. Nf4 Nxf4 32. Rxf4 Nh7 33. Rc1 Nf8 34. Qe1
Ng6 35. Rf2 Rb7 36. Qc3 Ra8 37. Bd2 a5 38. Qe3 Rab8 39. Bd3 axb4 40. Bxb4 Qd8
41. Bd6 Ra8 42. Rb1 Rba7 43. Rfb2 b5 44. Rf2 Ne7 45. Rc1 Nc8 46. Bc5 Ra4 47.
Bc2 R4a6 48. Bb3 Nb6 49. Rd2 Na4 50. Bb4 Qb6 51. Bxa4 1/2-1/2

[Event "13. Lipperland-Open"]
[Site "Doerentrup"]
[Date "2014.06.05"]
[Round "6.14"]
[White "Papenkordt, Karl-Hermann"]
[Black "Kreie, Guenter"]
[Result "1/2-1/2"]
[WhiteElo "1860"]
[BlackElo "1924"]
[Annotator "chessorg"]
[PlyCount "101"]
[EventDate "2014.??.??"]
[WhiteTeam "Schachgesellschaft Witten"]
[BlackTeam "TSC Eichholz"]

1. c4 Nf6 2. Nc3 e6 3. e4 d5 4. exd5 exd5 5. d4 Be7 6. Nf3 O-O 7. Be2 h6 8. O-O
dxc4 9. d5 Bd6 10. Bxc4 a6 11. h3 b5 12. Bb3 Re8 13. Be3 c5 14. dxc6 Nxc6 15.
Nd5 Rb8 16. Rc1 Bb7 17. Bb6 Qd7 18. Nxf6+ gxf6 19. Qd2 Qe7 20. Qxh6 Ne5 21. Nh4
Be4 22. Bd4 Nd7 23. Rfe1 Qf8 24. Qh5 Qg7 25. Be3 Re5 26. Qg4 Qxg4 27. hxg4 Nc5
28. Rxc5 Bxc5 29. Bxc5 Rxc5 30. Rxe4 Kf8 31. Nf5 Rd8 32. Rd4 Rxd4 33. Nxd4 a5
34. Be6 Rc1+ 35. Kh2 fxe6 36. Nxe6+ Ke7 37. Nd4 Rc5 38. Kg3 Kd6 39. f4 Rd5 40.
Nf3 Rd1 41. a3 Rb1 42. g5 fxg5 43. fxg5 Rxb2 44. Nd4 Ke5 45. Nc6+ Kf5 46. Nxa5
Kxg5 47. Kf3 Rc2 48. Ke4 Rc3 49. Kd4 Rxa3 50. Nc6 Ra6 51. Kc5 1/2-1/2

[Event "13. Lipperland-Open"]
[Site "Doerentrup"]
[Date "2014.06.05"]
[Round "7.3"]
[White "Rürup, Hans-Heinz"]
[Black "Adam, Detlef"]
[Result "1-0"]
[WhiteElo "2014"]
[BlackElo "2077"]
[Annotator "chessorg"]
[PlyCount "55"]
[EventDate "2014.??.??"]
[WhiteTeam "SV Bad Oeynhausen"]
[BlackTeam "Schachklub Minden 08"]

1. e4 d6 2. d4 Nf6 3. Nc3 g6 4. Nf3 Bg7 5. Be3 O-O 6. Qd2 Nc6 7. h4 h5 8. Nh2
e5 9. d5 Nb8 10. Bg5 Qd7 11. Be2 Nh7 12. g4 hxg4 13. Nxg4 f5 14. Nh6+ Bxh6 15.
Bxh6 Rf6 16. O-O-O f4 17. Rdg1 f3 18. Bf1 Qe8 19. Rg3 Nd7 20. Bb5 a6 21. Bxd7
Bxd7 22. Rhg1 Nf8 23. h5 Kh7 24. Bxf8 Qxf8 25. hxg6+ Kg7 26. Rh1 Qe8 27. Qh6+
Kg8 28. Qh8# 1-0

[Event "13. Lipperland-Open"]
[Site "Doerentrup"]
[Date "2014.06.05"]
[Round "7.4"]
[White "Opitz, Christian"]
[Black "Bachmann, Rolf"]
[Result "0-1"]
[WhiteElo "2029"]
[BlackElo "2032"]
[Annotator "chessorg"]
[PlyCount "52"]
[EventDate "2014.??.??"]
[WhiteTeam "SK Radolfzell"]
[BlackTeam "Schachvereinigung Hamm"]

1. e4 Nf6 2. Nc3 d5 3. exd5 Nxd5 4. Bc4 c6 5. d4 Bf5 6. Nf3 e6 7. O-O Nxc3 8.
bxc3 Be7 9. Bf4 Nd7 10. Bd3 Bg6 11. Re1 O-O 12. Ne5 Nxe5 13. Bxe5 Bd6 14. Qg4
Bxe5 15. Rxe5 Qb6 16. Rc5 Rfd8 17. h4 Rd5 18. Rxd5 cxd5 19. Re1 Bxd3 20. cxd3
Rc8 21. Re3 Rxc3 22. Rg3 g6 23. Qf4 Qc7 24. Qf6 Rc1+ 25. Kh2 h5 26. f4 Rf1 0-1